Пиролиз нефтяных углеводородов: учебное пособие

Dades bibliogràfiques
Autor principal: Бутков Н. А.
Altres autors: Караваев Н. М. (редактор)
Sumari:Подписано к печати 21/X 1944 г.
Idioma:rus
Publicat: Москва, Гостоптехиздат, 1944
Col·lecció:Современная нефтяная техника
Matèries:
Format: MixedMaterials Llibre
KOHA link:https://koha.lib.tpu.ru/cgi-bin/koha/opac-detail.pl?biblionumber=355455

MARC

LEADER 00000nam0a2200000 4500
001 355455
005 20231102010809.0
035 |a (RuTPU)RU\TPU\retro\12715 
090 |a 355455 
100 |a 20200708d1944 km y0rusy50 ca 
101 0 |a rus 
102 |a RU 
105 |a a j 000zy 
200 1 |a Пиролиз нефтяных углеводородов  |e учебное пособие  |f Н. А. Бутков 
210 |a Москва  |c Гостоптехиздат  |d 1944 
215 |a 88 с.  |c ил. 
225 1 |a Современная нефтяная техника  |e Пособия для повышения квалификации инженеров нефтяной промышленности 
300 |a Подписано к печати 21/X 1944 г. 
606 1 |a Углеводороды нефтяные  |x Пиролиз  |2 stltpush  |3 (RuTPU)RU\TPU\subj\34073  |9 56128 
610 1 |a коллекция: 1941-1945 гг. 
610 1 |a пособия 
610 1 |a высокие температуры 
610 1 |a влияние 
610 1 |a генераторы 
610 1 |a модернизация 
610 1 |a высокотемпературный крекинг 
675 |a 665.642  |v 4 
700 1 |a Бутков  |b Н. А. 
702 1 |a Караваев  |b Н. М.  |4 340 
801 1 |a RU  |b 63413507  |c 20200708 
801 2 |a RU  |b 63413507  |c 20200716  |g RCR 
942 |c BK